| 000 | 00508nam a2200205Ia 4500 | ||
|---|---|---|---|
| 003 | OSt | ||
| 005 | 20250113111753.0 | ||
| 008 | 210210b1986 xxu||||| |||| 00| 0 eng d | ||
| 020 | _a0 333 38594 2 | ||
| 040 | _cAL | ||
| 041 | _aEnglish | ||
| 082 | _a621.3 MORM | ||
| 100 |
_aMORRIS (Noel M). _9193232 |
||
| 245 | _aMastering Electrical Engineering | ||
| 260 |
_aLondon _bM Education Ltd _c1986 |
||
| 300 | _axxxvi,324 | ||
| 650 |
_aElectrical engineering _9193233 |
||
| 906 | _a040709 | ||
| 942 |
_2ddc _cBK |
||
| 999 |
_c90636 _d90636 |
||